Código de la Niñez y la Adolescencia Régimen Especial de Protección a la Persona Adolescente Trabajadora. Derechos de las personas adolescentes trabajadoras /
Gespeichert in:
| Körperschaften: | , |
|---|---|
| Format: | Text |
| Veröffentlicht: |
San José:
DH
|
| Schlagworte: | |
| Tags: |
Tag hinzufügen
Keine Tags, Fügen Sie den ersten Tag hinzu!
|
MARC
| LEADER | 00000 a a2200000 04500 | ||
|---|---|---|---|
| 001 | 26779 | ||
| 003 | |||
| 040 | |||
| 090 | |a 149700 | ||
| 110 | |a Costa Rica. Ministerio de Trabajo y Seguridad Social | ||
| 245 | |a Código de la Niñez y la Adolescencia Régimen Especial de Protección a la Persona Adolescente Trabajadora. Derechos de las personas adolescentes trabajadoras / |c Costa Rica. Ministerio de Trabajo y Seguridad Social | ||
| 260 | |a San José: |b DH | ||
| 300 | |a 14 p.; Folleto n. 1 |b il. | ||
| 650 | |a ADOLESCENTES | ||
| 650 | |a JUVENTUD | ||
| 650 | |a TRABAJADORES JOVENES | ||
| 650 | |a TRABAJO DE MENORES | ||
| 650 | |a DERECHO AL TRABAJO | ||
| 650 | |a CODIGO DEL TRABAJO | ||
| 710 | |a Costa Rica. Defensoría de los Habitantes |a Defensa de los Niños Internacional |a OIT. Programa Internacional para la Erradicación del Trabajo Infantil |a Agencia Española de Cooperación Internacional | ||
| 999 | |c 11644 |d 11644 | ||
